Build your own electric vehicle (Record no. 6597)

000 -LEADER
fixed length control field 00505nam a2200205 a 4500
001 - CONTROL NUMBER
control field 6597
003 - CONTROL NUMBER IDENTIFIER
control field BD-DhUET
008 - FIXED-LENGTH DATA ELEMENTS--GENERAL INFORMATION
fixed length control field 930721s1994 paua bf 001 0 eng
020 ## - INTERNATIONAL STANDARD BOOK NUMBER
International Standard Book Number 0830642315
040 ## - CATALOGING SOURCE
Original cataloging agency DLC
Transcribing agency DLC
Modifying agency BD-DhUET
082 ## - DEWEY DECIMAL CLASSIFICATION NUMBER
Classification number 629.2502
Item number BRA/1994
100 ## - MAIN ENTRY--PERSONAL NAME
Personal name Brant, Bob
245 10 - TITLE STATEMENT
Title Build your own electric vehicle
250 ## - EDITION STATEMENT
Edition statement 1st ed.
260 ## - PUBLICATION, DISTRIBUTION, ETC. (IMPRINT)
Place of publication, distribution, etc. USA
Name of publisher, distributor, etc. TAB Books
Date of publication, distribution, etc. 1994
300 ## - PHYSICAL DESCRIPTION
Extent x, 310p.
Other physical details ill.
504 ## - BIBLIOGRAPHY, ETC. NOTE
Bibliography, etc Includes bibliographies
650 #0 - SUBJECT ADDED ENTRY--TOPICAL TERM
Topical term or geographic name as entry element Electric vehicles
942 ## - ADDED ENTRY ELEMENTS (KOHA)
Koha item type General Book
Holdings
Source of classification or shelving scheme Lost status Copy number Koha date last seen Shelving location Price effective from Piece designation (barcode) Koha normalized classification for sorting Withdrawn status Koha full call number Koha item type Not for loan Sublocation or collection (holding branch) Date acquired Location (home branch) Damaged status
  12014-12-04Circulation section2014-12-0487655629_000000000000000_2502BRA199 629.2502/BRA/1994General Book Central Library, BUET2014-12-04Central Library, BUET 
  22015-06-17Reading section2015-06-1788796629_250200000000000_BRA_1994 629.2502/BRA/1994Reading Item Central Library, BUET2015-06-17Central Library, BUET